Integration von Zuwanderern aus den Ländern ehemaligen Jugoslawiens in Wien bakalárska práca

Saved in:
Bibliographic Details
Main Author: Vlčáková, Paulina
Corporate Author: Fakulta aplikovaných jazykov EU v Bratislave. Katedra interkultúrnej komunikácie
Other Authors: Štefančík, Radoslav, 1976-
Format: Book
Language:German
Published: Bratislava 2023
Tags: Add Tag
No Tags, Be the first to tag this record!

MARC

LEADER 00000nbm a2200000 4500
001 0292841
005 20240422132018.4
041 0 |a ger 
044 |a SK 
245 1 0 |a Integration von Zuwanderern aus den Ländern ehemaligen Jugoslawiens in Wien  |b bakalárska práca  |c Paulina Vlčáková ; školiteľ: Radoslav Štefančík 
264 1 |a Bratislava  |c 2023 
300 |a 45 s. 
100 1 |a Vlčáková, Paulina 
700 1 |a Štefančík, Radoslav, 1976- 
710 2 |a Fakulta aplikovaných jazykov EU v Bratislave. Katedra interkultúrnej komunikácie